000 00822nam a2200253 a 4500
001 71961
003 BD-RjUL
005 20250827105821.0
008 170511s1958 nyua 001 0 eng
035 _a(BD-RjUL)72177
040 _aANL
_beng
_cBD-RjUL
_dANL
041 _aeng
082 0 4 _a537
_223
_bPAP 1958
100 1 _aPage, Leigh,
_d1884-
_9156520
245 1 0 _aPrinciples of electricity :
_ban intermediate text in electricity and magnetism /
_cby Leigh Page and Norman Ilsley Adams, Jr.
250 _a3rd ed.
260 _aLondon;
_aNew York :
_bD. Van Nostrand Co.,
_cc1958,1956
300 _axiii, 619 p. :
_bill. ;
_c23 cm.
490 _aUniversity physics series
650 0 _aElectricity.
_9212839
650 0 _aElectromagnetism.
_9118530
700 1 _aAdams, Norman Ilsley,
_d1895-
_916675
942 _2ddc
_cBK
999 _c71961
_d71961